[Event "NEM sen  2015"]
[Site "Regen"]
[Date "2015.06.18"]
[Round "1"]
[White "Glatz, Volker"]
[Black "Schubert , Heinz"]
[Result "0-1"]
[WhiteElo "1605"]
[BlackElo "1442"]
[PlyCount "108"]
[EventDate "2015.06.18"]
[EventType "tourn"]
[EventRounds "7"]
[SourceDate "2015.06.22"]

1. e4 e6 2. d4 d5 3. a3 dxe4 4. Nc3 Nf6 5. Bg5 Be7 6. Bxf6 Bxf6 7. Nge2 Nc6 8.
d5 exd5 9. Nf4 Bxc3+ 10. bxc3 Be6 11. Bb5 O-O 12. O-O Ne7 13. Be2 c6 14. Qd2
Ng6 15. Nh5 Qd7 16. Qd4 f6 17. Rae1 Bg4 18. Bxg4 Qxg4 19. Ng3 Ne5 20. Re3 Qg6
21. Qd1 Rae8 22. Ne2 Qf7 23. Nd4 f5 24. f4 exf3 25. Nxf3 Nxf3+ 26. Rexf3 g6 27.
h3 Qe7 28. Qc1 Qg7 29. Qd2 Re6 30. Kh2 Rfe8 31. Rg3 Rf8 32. Qg5 Ref6 33. Qf4
Qe7 34. Re3 Qd7 35. h4 Re8 36. Rfe1 Rxe3 37. Rxe3 Qd6 38. Qxd6 Rxd6 39. Re7 d4
40. cxd4 Rxd4 41. Rxb7 Rxh4+ 42. Kg3 Ra4 43. Rb3 Kg7 44. Kh2 h5 45. c3 Kf6 46.
Kg3 g5 47. Rb4 Rxb4 48. axb4 Ke5 49. Kf3 Kd5 50. Ke3 Kc4 51. Kd2 g4 52. g3 c5
53. bxc5 Kxc5 54. Ke3 a5 0-1

[Event "NEM sen  2015"]
[Site "Regen"]
[Date "2015.06.18"]
[Round "1"]
[White "Zorn, Günter"]
[Black "Bilyavskyy, Borys"]
[Result "0-1"]
[WhiteElo "1558"]
[BlackElo "1807"]
[PlyCount "80"]
[EventDate "2015.06.18"]
[EventType "tourn"]
[EventRounds "7"]
[SourceDate "2015.06.22"]

1. d4 Nf6 2. c4 e6 3. a3 d5 4. Bg5 Be7 5. Nc3 c6 6. Nf3 Nbd7 7. e3 h6 8. Bxf6
Nxf6 9. Bd3 Bd6 10. c5 Bc7 11. O-O O-O 12. Qc2 Bd7 13. Ne5 Bxe5 14. dxe5 Ng4
15. e4 Nxe5 16. exd5 exd5 17. Rad1 Qh4 18. Bf5 Qf6 19. Bxd7 Nxd7 20. b4 Rfe8
21. Rfe1 Nf8 22. Qd2 Ng6 23. Ne2 Re7 24. Ng3 Rae8 25. Rxe7 Rxe7 26. h3 Qe5 27.
Nf1 Nf4 28. Nh2 Qg5 29. g3 Nxh3+ 30. Kg2 Qxd2 31. Rxd2 Ng5 32. Nf3 Nxf3 33.
Kxf3 Re4 34. Rd3 f5 35. Re3 Kf7 36. Rxe4 fxe4+ 37. Ke3 Kf6 38. f3 exf3 39. Kxf3
Kf5 40. a4 a6 0-1

[Event "NEM sen  2015"]
[Site "Regen"]
[Date "2015.06.18"]
[Round "1"]
[White "Hilmer, Karl"]
[Black "Königl, Anton"]
[Result "1/2-1/2"]
[WhiteElo "1485"]
[BlackElo "1767"]
[PlyCount "72"]
[EventDate "2015.06.18"]
[EventType "tourn"]
[EventRounds "7"]
[SourceDate "2015.06.22"]

1. e4 c5 2. Nf3 e6 3. b3 Nc6 4. Bb2 Qc7 5. d4 cxd4 6. Nxd4 a6 7. Nxc6 bxc6 8.
Bd3 Nf6 9. O-O Bd6 10. g3 Be5 11. Bxe5 Qxe5 12. Nd2 O-O 13. c4 Bb7 14. Qc2 h6
15. Rae1 Rac8 16. c5 Qc7 17. b4 e5 18. Nc4 Ne8 19. Qe2 d6 20. Na5 Rb8 21. cxd6
Qxd6 22. Nxb7 Rxb7 23. a3 Nc7 24. Bxa6 Ra7 25. Rd1 Qe7 26. b5 Nxa6 27. bxa6
Qxa3 28. Ra1 Qe7 29. Rfb1 Rfa8 30. Qc4 Qc7 31. Rc1 Rc8 32. Rcb1 Rca8 33. Rb3
Kh7 34. Kg2 Qc8 35. Rba3 f6 36. h3 Qc7 1/2-1/2

[Event "NEM sen  2015"]
[Site "Regen"]
[Date "2015.06.18"]
[Round "1"]
[White "Sagner, Günter"]
[Black "Kutschera, Gottlieb"]
[Result "1/2-1/2"]
[WhiteElo "1751"]
[BlackElo "1716"]
[PlyCount "40"]
[EventDate "2015.06.18"]
[EventType "tourn"]
[EventRounds "7"]
[SourceDate "2015.06.22"]

1. d4 d5 2. c4 dxc4 3. Nc3 a6 4. a4 Nf6 5. e3 e5 6. d5 Bb4 7. Bxc4 c6 8. dxc6
Qxd1+ 9. Kxd1 Nxc6 10. Bd2 Bf5 11. Ke2 Rd8 12. Nf3 Na5 13. Ba2 Bd3+ 14. Ke1 Nc6
15. Bb1 O-O 16. Bxd3 Rxd3 17. Ke2 Rfd8 18. Rhd1 h6 19. Ne1 R3d7 20. Nc2 Ba5
1/2-1/2

[Event "NEM sen  2015"]
[Site "Regen"]
[Date "2015.06.18"]
[Round "2"]
[White "Schubert , Heinz"]
[Black "Kutschera, Gottlieb"]
[Result "1/2-1/2"]
[WhiteElo "1442"]
[BlackElo "1716"]
[PlyCount "47"]
[EventDate "2015.06.18"]
[EventType "tourn"]
[EventRounds "7"]
[SourceDate "2015.06.22"]

1. e4 c5 2. Nf3 d6 3. d4 cxd4 4. Nxd4 Nf6 5. Nc3 g6 6. Bg5 Bg7 7. Bb5+ Nbd7 8.
O-O O-O 9. Qd2 Nc5 10. Bd3 Nxd3 11. cxd3 Ng4 12. Nf3 h6 13. Be3 Kh7 14. h3 Nf6
15. Bd4 e5 16. Be3 Be6 17. a3 Qd7 18. Nh2 Nh5 19. g4 Nf6 20. f3 d5 21. exd5
Bxd5 22. Ne4 Bxe4 23. dxe4 Qxd2 24. Bxd2 1/2-1/2

[Event "NEM sen  2015"]
[Site "Regen"]
[Date "2015.06.18"]
[Round "2"]
[White "Königl, Anton"]
[Black "Sagner, Günter"]
[Result "0-1"]
[WhiteElo "1767"]
[BlackElo "1751"]
[PlyCount "111"]
[EventDate "2015.06.18"]
[EventType "tourn"]
[EventRounds "7"]
[SourceDate "2015.06.22"]

1. e4 e6 2. d4 d5 3. Bd3 dxe4 4. Bxe4 Nf6 5. Bf3 c5 6. Ne2 Qc7 7. O-O Bd6 8. g3
O-O 9. Nbc3 a6 10. Be3 Rd8 11. Qc1 cxd4 12. Bxd4 e5 13. Be3 Bf5 14. Rd1 Nbd7
15. Bg5 Re8 16. Bxf6 Nxf6 17. Nd5 Nxd5 18. Bxd5 Rad8 19. c3 Bg4 20. Re1 b5 21.
Bg2 Qc4 22. Qe3 Bc5 23. Qe4 Qxe4 24. Bxe4 Rd2 25. Kf1 Rxb2 26. Bg2 Rd8 27. h3
Bh5 28. f4 f6 29. g4 Bf7 30. fxe5 fxe5 31. Red1 Rbd2 32. Rxd2 Rxd2 33. Ke1 Rxa2
34. Rxa2 Bxa2 35. Ng3 b4 36. cxb4 Bxb4+ 37. Kd1 Bb3+ 38. Kc1 a5 39. Kb2 a4 40.
Bc6 Kf7 41. Ne4 Ke6 42. Nc3 Bxc3+ 43. Kxc3 Kd6 44. Be4 h6 45. h4 Bd5 46. Bc2 a3
47. g5 hxg5 48. hxg5 Kc5 49. Bd3 a2 50. Kb2 Kd4 51. Bf1 e4 52. Bg2 Bc4 53. g6
e3 54. Bf3 e2 55. Bxe2 Bxe2 56. Kxa2 0-1

[Event "NEM sen  2015"]
[Site "Regen"]
[Date "2015.06.18"]
[Round "2"]
[White "Bilyavskyy, Borys"]
[Black "Hilmer, Karl"]
[Result "1-0"]
[WhiteElo "1807"]
[BlackElo "1485"]
[PlyCount "123"]
[EventDate "2015.06.18"]
[EventType "tourn"]
[EventRounds "7"]
[SourceDate "2015.06.22"]

1. e4 e5 2. d4 exd4 3. Nf3 Nc6 4. Nxd4 Bc5 5. c3 Nxd4 6. cxd4 Bb4+ 7. Nc3 d6 8.
Bc4 Qe7 9. O-O Bxc3 10. bxc3 Be6 11. d5 Bd7 12. Qb3 Nf6 13. f3 O-O 14. Bd3 Rab8
15. c4 b6 16. Bg5 h6 17. Bd2 c6 18. Qb2 Nh7 19. f4 c5 20. e5 dxe5 21. Bxh7+
Kxh7 22. fxe5 b5 23. Rae1 bxc4 24. Qc2+ Kg8 25. Bc3 Qe8 26. Qf2 Qd8 27. Qxc5
Qg5 28. Qd4 Qg6 29. Qe4 Qxe4 30. Rxe4 g6 31. Ref4 Bf5 32. h3 Bd3 33. R1f2 Rb1+
34. Kh2 Rc1 35. Bb4 Rb8 36. Ba3 Rd1 37. Rxf7 Bf5 38. Rxa7 h5 39. g4 hxg4 40.
hxg4 Be4 41. Bd6 Re8 42. Rff7 Rh1+ 43. Kg3 Bxd5 44. Rg7+ Kh8 45. Rxg6 Ra8 46.
Rxa8+ Bxa8 47. e6 Kh7 48. Rf6 Bc6 49. e7 Rg1+ 50. Kh4 Bd7 51. Rf4 Kg6 52. Rxc4
Rh1+ 53. Kg3 Kf7 54. Rf4+ Ke6 55. Rf8 Kd5 56. e8=Q Bxe8 57. Rxe8 Kxd6 58. Re3
Rg1+ 59. Kf4 Rf1+ 60. Kg5 Rf8 61. Kg6 Rg8+ 62. Kf5 1-0

[Event "NEM sen  2015"]
[Site "Regen"]
[Date "2015.06.18"]
[Round "2"]
[White "Glatz, Volker"]
[Black "Zorn, Günter"]
[Result "0-1"]
[WhiteElo "1605"]
[BlackElo "1558"]
[PlyCount "116"]
[EventDate "2015.06.18"]
[EventType "tourn"]
[EventRounds "7"]
[SourceDate "2015.06.22"]

1. e4 c5 2. Nf3 Nc6 3. Bc4 e6 4. d4 a6 5. a4 Na5 6. Be2 Nf6 7. Nc3 b6 8. O-O
Bb7 9. Bg5 Be7 10. Bxf6 Bxf6 11. e5 Be7 12. d5 exd5 13. Nxd5 O-O 14. Nf4 f6 15.
e6 d6 16. c4 Nc6 17. Ra3 Ne5 18. Nd5 f5 19. Nxe5 dxe5 20. Rd3 Bxd5 21. Rxd5 Qe8
22. Bh5 g6 23. Be2 Rd8 24. Qb3 Qc6 25. Rxe5 Rd6 26. Bf3 Qc7 27. Bd5 Kg7 28. f4
Bf6 29. Re2 Re8 30. Rfe1 Bd4+ 31. Kh1 Bf6 32. Re3 Rdd8 33. Qd3 Qxf4 34. e7 Rd7
35. g3 Qd4 36. R1e2 Bg5 37. Qxd4+ cxd4 38. Re5 Bf6 39. Re6 Rdxe7 40. Rxe7+ Rxe7
41. Rxe7+ Bxe7 42. b3 d3 43. Bf3 Kf6 44. Kg2 Ke5 45. Kf2 Kd4 46. Bd1 Bc5 47.
Ke1 Ke3 48. h3 Bb4+ 49. Kf1 Kd2 50. Bf3 Kc2 51. g4 fxg4 52. hxg4 Kxb3 53. Bd1+
Kxc4 54. Kf2 b5 55. axb5 axb5 56. Ke3 Bc5+ 57. Kd2 Kd4 58. Bb3 Bb4+ 0-1

[Event "NEM sen  2015"]
[Site "Regen"]
[Date "2015.06.19"]
[Round "3"]
[White "Zorn, Günter"]
[Black "Schubert , Heinz"]
[Result "0-1"]
[WhiteElo "1558"]
[BlackElo "1442"]
[PlyCount "114"]
[EventDate "2015.06.18"]
[EventType "tourn"]
[EventRounds "7"]
[SourceDate "2015.06.22"]

1. d4 d5 2. c4 e6 3. Nf3 c6 4. e3 Nf6 5. Nc3 Bb4 6. Bd2 dxc4 7. Bxc4 Nd5 8. a3
Nxc3 9. bxc3 Bd6 10. e4 Nd7 11. O-O Be7 12. Re1 h6 13. e5 Nb6 14. Bd3 c5 15.
Bb5+ Bd7 16. Bxd7+ Qxd7 17. Be3 Nc4 18. Qb3 Nxe3 19. fxe3 O-O 20. a4 Rac8 21.
Rad1 Rfe8 22. Re2 c4 23. Qb5 Qxb5 24. axb5 Bc5 25. Ra1 Bb6 26. Rea2 Rc7 27. Ra4
f6 28. g4 Kf7 29. Kg2 g6 30. Kg3 f5 31. h3 Ke7 32. Nd2 Rec8 33. h4 g5 34. hxg5
hxg5 35. Rh1 Kf7 36. Rh7+ Kg6 37. Rxc7 Rxc7 38. Nxc4 Kh6 39. Nxb6 axb6 40. c4
Kg6 41. gxf5+ Kxf5 42. c5 bxc5 43. Rc4 b6 44. Rc2 Ke4 45. dxc5 bxc5 46. b6 Rb7
47. Rxc5 Rxb6 48. Kg4 Kxe3 49. Kxg5 Kd4 50. Ra5 Rc6 51. Kf6 Ke4 52. Ra4+ Kd5
53. Ra1 Rb6 54. Rd1+ Kc5 55. Ke7 Rb7+ 56. Rd7 Rxd7+ 57. Kxd7 Kd5 0-1

[Event "NEM sen  2015"]
[Site "Regen"]
[Date "2015.06.19"]
[Round "3"]
[White "Hilmer, Karl"]
[Black "Glatz, Volker"]
[Result "1/2-1/2"]
[WhiteElo "1485"]
[BlackElo "1605"]
[PlyCount "50"]
[EventDate "2015.06.18"]
[EventType "tourn"]
[EventRounds "7"]
[SourceDate "2015.06.22"]

1. e4 e6 2. d4 d5 3. e5 Nc6 4. Nf3 Be7 5. c3 a6 6. Bd3 f6 7. exf6 Nxf6 8. O-O
O-O 9. Qc2 Bd6 10. Bg5 g6 11. Re1 Qe8 12. Bh6 Rf7 13. Bxg6 hxg6 14. Qxg6+ Kh8
15. Ng5 Bxh2+ 16. Kf1 Nd8 17. Nxf7+ Qxf7 18. Qxf7 Nxf7 19. Be3 Bd6 20. Nd2 Bd7
21. Ke2 Bb5+ 22. Kd1 Bd3 23. f3 Rg8 24. Rh1+ Nh7 25. g4 e5 1/2-1/2

[Event "NEM sen  2015"]
[Site "Regen"]
[Date "2015.06.19"]
[Round "3"]
[White "Sagner, Günter"]
[Black "Bilyavskyy, Borys"]
[Result "1/2-1/2"]
[WhiteElo "1751"]
[BlackElo "1807"]
[PlyCount "43"]
[EventDate "2015.06.18"]
[EventType "tourn"]
[EventRounds "7"]
[SourceDate "2015.06.22"]

1. d4 f5 2. Bf4 Nf6 3. e3 e6 4. Bc4 d5 5. Bb3 Be7 6. Nf3 Nbd7 7. O-O O-O 8.
Nbd2 Ne4 9. c4 c6 10. cxd5 exd5 11. Nxe4 fxe4 12. Ne5 Nxe5 13. Bxe5 Bf5 14. f3
Qd7 15. fxe4 Bxe4 16. Qe2 Qe6 17. Rf4 Rxf4 18. exf4 Qg6 19. Rc1 Kh8 20. Bc2
Bxc2 21. Qxc2 Qxc2 22. Rxc2 1/2-1/2

[Event "NEM sen  2015"]
[Site "Regen"]
[Date "2015.06.19"]
[Round "3"]
[White "Kutschera, Gottlieb"]
[Black "Königl, Anton"]
[Result "0-1"]
[WhiteElo "1716"]
[BlackElo "1767"]
[PlyCount "122"]
[EventDate "2015.06.18"]
[EventType "tourn"]
[EventRounds "7"]
[SourceDate "2015.06.22"]

1. e4 g6 2. Nc3 Bg7 3. f4 d6 4. Bc4 c6 5. Nf3 e6 6. d3 Nf6 7. Bb3 Nbd7 8. Be3
Ng4 9. Bg1 a6 10. Qe2 Ngf6 11. Be3 Qc7 12. O-O O-O 13. f5 exf5 14. exf5 Re8 15.
fxg6 hxg6 16. Ne4 d5 17. Nfg5 Re7 18. Nxf6+ Nxf6 19. Bf4 Qd8 20. Qd2 Ng4 21. c3
Qb6+ 22. d4 Be6 23. Rae1 Rae8 24. h3 Nf6 25. Bd6 Rd7 26. Be5 Qd8 27. Qf4 Nh5
28. Nxe6 Rxe6 29. Qf3 Bxe5 30. Rxe5 Ng7 31. Rxe6 Nxe6 32. Bc2 Kg7 33. Qg4 Qg5
34. Qxg5 Nxg5 35. Re1 Kf8 36. h4 Nh7 37. h5 Kg7 38. hxg6 fxg6 39. Re6 Nf6 40.
Re5 Ng8 41. Rg5 Rd6 42. Re5 Kf7 43. Bd3 Nf6 44. Kf1 Ng4 45. Re2 g5 46. g3 Rh6
47. Kg1 Rh3 48. Kg2 Rh2+ 49. Kf3 Rxe2 50. Bxe2 Nh6 51. Bd3 Kf6 52. g4 Nf7 53.
b3 Nd6 54. Ke3 a5 55. c4 b6 56. a3 Ke7 57. c5 bxc5 58. dxc5 Nf7 59. b4 axb4 60.
axb4 Kf6 61. b5 Ne5 0-1

[Event "NEM sen  2015"]
[Site "Regen"]
[Date "2015.06.19"]
[Round "4"]
[White "Schubert , Heinz"]
[Black "Königl, Anton"]
[Result "0-1"]
[WhiteElo "1442"]
[BlackElo "1767"]
[PlyCount "174"]
[EventDate "2015.06.18"]
[EventType "tourn"]
[EventRounds "7"]
[SourceDate "2015.06.22"]

1. e4 g6 2. d4 Bg7 3. c3 d6 4. Nf3 Nd7 5. Bc4 e6 6. Qb3 Nb6 7. Bg5 Qd7 8. Bb5
c6 9. Be2 Ne7 10. Bxe7 Qxe7 11. O-O O-O 12. Re1 Qc7 13. Nbd2 Bd7 14. Nc4 Nc8
15. Ncd2 Ne7 16. Bc4 b5 17. Bd3 c5 18. Qd1 Qb6 19. dxc5 dxc5 20. Rb1 Rad8 21.
Qe2 a6 22. Qe3 Qc7 23. Bc2 Bc8 24. Red1 Bb7 25. Nb3 Rxd1+ 26. Rxd1 Rc8 27. Qd2
h6 28. Qd7 Bf8 29. Qxc7 Rxc7 30. Na5 Nc6 31. Nxc6 Bxc6 32. Ne5 Be8 33. Rd8 Bc6
34. Nxc6 Rxc6 35. f3 Kg7 36. Kf2 Be7 37. Rd1 c4 38. Bb1 a5 39. a3 Rb6 40. Ba2
Rc6 41. Ke2 Rc5 42. Rd7 Kf8 43. Rd1 Rh5 44. h3 Rg5 45. Kf1 Rc5 46. Ke2 f5 47.
Bb1 Kf7 48. Rd7 Ke8 49. Rd1 Rc6 50. Rd2 Bg5 51. Rd1 Ke7 52. Kf1 Rd6 53. Ke2 Bf4
54. Rxd6 Kxd6 55. Kd1 Bg3 56. exf5 gxf5 57. Ba2 Kc5 58. Kc2 h5 59. Kd2 h4 60.
Ke2 Bf4 61. Kd1 Be3 62. Bb1 Kd5 63. Ba2 e5 64. Bb1 e4 65. fxe4+ fxe4 66. Bc2
Bf4 67. b3 Bd6 68. a4 bxa4 69. bxa4 Ke5 70. Ke2 Bc5 71. Bb1 Ba3 72. Ba2 Kd5 73.
Bb1 Bc1 74. Kd1 Bg5 75. Ke2 Bf4 76. Ba2 Bc1 77. Bb1 Bb2 78. Ke3 Bxc3 79. Bxe4+
Kc5 80. Bc2 Kb4 81. Ke4 Bg7 82. Kd5 Kc3 83. Bd1 Kd2 84. Bf3 c3 85. Be4 c2 86.
Bxc2 Kxc2 87. Kc4 Kd2 0-1

[Event "NEM sen  2015"]
[Site "Regen"]
[Date "2015.06.19"]
[Round "4"]
[White "Bilyavskyy, Borys"]
[Black "Kutschera, Gottlieb"]
[Result "1/2-1/2"]
[WhiteElo "1807"]
[BlackElo "1716"]
[PlyCount "24"]
[EventDate "2015.06.18"]
[EventType "tourn"]
[EventRounds "7"]
[SourceDate "2015.06.22"]

1. e4 c5 2. Nf3 d6 3. d4 cxd4 4. Nxd4 Nf6 5. Nc3 g6 6. Be2 Bg7 7. O-O O-O 8.
Be3 Nc6 9. Qd2 Ng4 10. Bxg4 Bxg4 11. h3 Nxd4 12. Bxd4 Be6 1/2-1/2

[Event "NEM sen  2015"]
[Site "Regen"]
[Date "2015.06.19"]
[Round "4"]
[White "Zorn, Günter"]
[Black "Hilmer, Karl"]
[Result "1/2-1/2"]
[WhiteElo "1558"]
[BlackElo "1485"]
[PlyCount "144"]
[EventDate "2015.06.18"]
[EventType "tourn"]
[EventRounds "7"]
[SourceDate "2015.06.22"]

1. d4 Nf6 2. c4 e6 3. Nc3 d5 4. e3 c6 5. a3 Nbd7 6. Nf3 Be7 7. Bd3 O-O 8. O-O
dxc4 9. Bxc4 Nd5 10. Bd2 N7f6 11. Bd3 Bd6 12. Ne5 Qc7 13. f4 Nd7 14. Nxd5 exd5
15. b4 b5 16. Be2 Nf6 17. Bf3 Nd7 18. Rc1 Nxe5 19. Bxd5 Qd7 20. fxe5 cxd5 21.
exd6 Qxd6 22. Be1 Be6 23. Bg3 Qa6 24. Qb3 Rac8 25. Ra1 Rc4 26. Rfc1 Rxc1+ 27.
Rxc1 Rc8 28. Rc5 Qb7 29. Qc3 Qd7 30. Rxc8+ Qxc8 31. Qc5 a6 32. Bf2 g6 33. Bg3
Qxc5 34. dxc5 Bd7 35. Kf2 f6 36. Ke2 Kf7 37. h4 Ke6 38. Kd3 Bc6 39. Bf4 Kf5 40.
g3 Kg4 41. Ke2 g5 42. hxg5 fxg5 43. Be5 Kf5 44. Bd6 h5 45. Be7 Kg4 46. Kf2 h4
47. gxh4 gxh4 48. Kg1 Kh3 49. Kf2 Kg4 50. Bd6 h3 51. Be5 Kf5 52. Bc7 Bd7 53.
Kf3 Bc6 54. Kf2 Ke4 55. Bh2 Kd3 56. Be5 Kc4 57. Kg3 Kb3 58. Kxh3 Kxa3 59. Bc3
Kb3 60. Be1 Kc4 61. Kg3 a5 62. bxa5 b4 63. Bd2 b3 64. Bc1 Kb5 65. Bb2 Kxa5 66.
Kf4 Kb4 67. Bd4 Ka3 68. Ke5 b2 69. Bxb2+ Kxb2 70. Kd6 Ba8 71. c6 Kc3 72. Kxd5
Bxc6+ 1/2-1/2

[Event "NEM sen  2015"]
[Site "Regen"]
[Date "2015.06.20"]
[Round "5"]
[White "Hilmer, Karl"]
[Black "Schubert , Heinz"]
[Result "1/2-1/2"]
[WhiteElo "1485"]
[BlackElo "1442"]
[PlyCount "38"]
[EventDate "2015.06.18"]
[EventType "tourn"]
[EventRounds "7"]
[SourceDate "2015.06.22"]

1. e4 e6 2. d4 d5 3. e5 c5 4. c3 Nc6 5. Nf3 cxd4 6. cxd4 Bb4+ 7. Nc3 Nge7 8. a3
Ba5 9. b4 Bb6 10. Bb2 Nf5 11. Na4 Bd7 12. Nxb6 Qxb6 13. Be2 Rc8 14. O-O Qd8 15.
Bd3 Nce7 16. Qe2 O-O 17. Rfc1 Qb6 18. Rxc8 Rxc8 19. Qd2 Bb5 1/2-1/2

[Event "NEM sen  2015"]
[Site "Regen"]
[Date "2015.06.20"]
[Round "5"]
[White "Sagner, Günter"]
[Black "Zorn, Günter"]
[Result "1-0"]
[WhiteElo "1751"]
[BlackElo "1558"]
[PlyCount "87"]
[EventDate "2015.06.18"]
[EventType "tourn"]
[EventRounds "7"]
[SourceDate "2015.06.22"]

1. d4 d5 2. c4 e6 3. Nc3 c6 4. Nf3 Nd7 5. a4 Ngf6 6. Bg5 Be7 7. e3 O-O 8. h3 h6
9. Bf4 Nh7 10. cxd5 cxd5 11. Bd3 Ng5 12. Qc2 f5 13. Nb5 Nxf3+ 14. gxf3 Bg5 15.
Bh2 Qa5+ 16. Ke2 Be7 17. Nc7 Nb6 18. Nxa8 Nxa8 19. b3 Qd8 20. Rag1 Nb6 21. Rg6
Rf6 22. Rhg1 Rxg6 23. Rxg6 Kh7 24. Rg2 Bd7 25. e4 Qc8 26. Qd2 Bg5 27. f4 Bh4
28. exf5 exf5 29. Rg1 Qe8+ 30. Qe3 Qh5+ 31. f3 Qf7 32. Rc1 Bc6 33. Qe5 g6 34.
Bb5 Bf6 35. Qe3 Qd7 36. Bxc6 bxc6 37. Qc3 Qe8+ 38. Kd3 g5 39. Qxc6 Qh5 40. Ke3
Bxd4+ 41. Kxd4 Qxf3 42. Qd7+ Kg6 43. Rc6+ Kh5 44. Qf7+ 1-0

[Event "NEM sen  2015"]
[Site "Regen"]
[Date "2015.06.20"]
[Round "5"]
[White "Kutschera, Gottlieb"]
[Black "Glatz, Volker"]
[Result "1/2-1/2"]
[WhiteElo "1716"]
[BlackElo "1605"]
[PlyCount "39"]
[EventDate "2015.06.18"]
[EventType "tourn"]
[EventRounds "7"]
[SourceDate "2015.06.22"]

1. d4 e6 2. e4 d5 3. Nc3 Nf6 4. exd5 Nxd5 5. Ne4 Be7 6. Bd3 O-O 7. a3 Nc6 8. c3
f5 9. Ng3 Bd7 10. N1e2 Be8 11. Nf4 Bf7 12. Qc2 Re8 13. Nxd5 Qxd5 14. O-O Bg6
15. Ne2 Qd6 16. Bf4 e5 17. dxe5 Nxe5 18. Rad1 Qf6 19. Bxe5 Qxe5 20. Nd4 1/2-1/2

[Event "NEM sen  2015"]
[Site "Regen"]
[Date "2015.06.20"]
[Round "5"]
[White "Königl, Anton"]
[Black "Bilyavskyy, Borys"]
[Result "1-0"]
[WhiteElo "1767"]
[BlackElo "1807"]
[PlyCount "93"]
[EventDate "2015.06.18"]
[EventType "tourn"]
[EventRounds "7"]
[SourceDate "2015.06.22"]

1. e4 e5 2. Nf3 Nc6 3. d4 exd4 4. Bc4 Be7 5. c3 d3 6. Qxd3 d6 7. Bf4 Bf6 8. O-O
Nge7 9. Bb3 O-O 10. Nbd2 Ng6 11. Bg3 Re8 12. Bc2 Be6 13. a3 Nf8 14. Rfe1 g6 15.
Nd4 Nxd4 16. cxd4 Bg7 17. Rab1 c5 18. d5 Bc8 19. Nc4 Nd7 20. Nxd6 Ne5 21. Bxe5
Rxe5 22. Nc4 Rh5 23. Bd1 Rh6 24. Qg3 Bd4 25. Ne3 Rh4 26. Nf5 Bxf5 27. exf5 Qf6
28. fxg6 hxg6 29. Bf3 Kg7 30. Re4 Rxe4 31. Bxe4 Rh8 32. h3 Be5 33. Qf3 Qg5 34.
d6 Bxd6 35. Bxb7 Re8 36. Rd1 Re7 37. Rxd6 Re1+ 38. Kh2 Qe5+ 39. Qg3 Qxb2 40. f4
Qc1 41. Qf2 Rh1+ 42. Kg3 Rf1 43. Qd2 Qxa3+ 44. Rd3 Qa4 45. Qc3+ f6 46. Bf3 Qa2
47. Qxc5 1-0

[Event "NEM sen  2015"]
[Site "Regen"]
[Date "2015.06.20"]
[Round "6"]
[White "Schubert , Heinz"]
[Black "Bilyavskyy, Borys"]
[Result "0-1"]
[WhiteElo "1442"]
[BlackElo "1807"]
[PlyCount "86"]
[EventDate "2015.06.18"]
[EventType "tourn"]
[EventRounds "7"]
[SourceDate "2015.06.22"]

1. e4 g6 2. d4 Bg7 3. c3 d6 4. Nf3 Nf6 5. e5 dxe5 6. Nxe5 O-O 7. Bc4 Nd5 8. Qb3
e6 9. Nf3 c6 10. O-O b5 11. Bxd5 exd5 12. a4 Bg4 13. Nbd2 Qa5 14. Qa3 Nd7 15.
axb5 Qxb5 16. Qa6 Qb6 17. Qxb6 axb6 18. Rxa8 Rxa8 19. h3 Bf5 20. Re1 b5 21. Nb3
Bc2 22. Nfd2 Kf8 23. Kh2 Bf6 24. g3 Kg7 25. Kg2 h5 26. h4 Kf8 27. Kh2 Be7 28.
Kg2 Bd6 29. f3 Kg7 30. Kf2 Bf8 31. Kg2 b4 32. Kf2 bxc3 33. bxc3 Ra2 34. Kg1 Bd6
35. f4 Nf6 36. Kf1 Ng4 37. Kg1 Kf6 38. Nc5 Bxc5 39. dxc5 Kg7 40. Kg2 Nf6 41.
Kg1 Nd7 42. c4 Nxc5 43. cxd5 cxd5 0-1

[Event "NEM sen  2015"]
[Site "Regen"]
[Date "2015.06.20"]
[Round "6"]
[White "Glatz, Volker"]
[Black "Königl, Anton"]
[Result "1-0"]
[WhiteElo "1605"]
[BlackElo "1767"]
[PlyCount "63"]
[EventDate "2015.06.18"]
[EventType "tourn"]
[EventRounds "7"]
[SourceDate "2015.06.22"]

1. c4 e5 2. Nc3 c6 3. e4 Nf6 4. d3 h6 5. g3 Bc5 6. a3 a5 7. Nf3 Ng4 8. d4 exd4
9. Nxd4 d6 10. h3 Nxf2 11. Kxf2 Qf6+ 12. Ke3 Nd7 13. Nce2 Ne5 14. Nf4 g5 15.
Nh5 Bxd4+ 16. Kxd4 Qg6 17. Bd3 O-O 18. g4 Qe6 19. Rf1 Nd7 20. Rf5 Qe7 21. Ke3
Ne5 22. Rf6 Kh7 23. b3 Bd7 24. Bb2 Rae8 25. Bxe5 Qxe5 26. Qf1 Be6 27. Ra2 b5
28. Raf2 Qc5+ 29. Kd2 Kg8 30. Rxh6 f5 31. Qa1 Qxf2+ 32. Be2 1-0

[Event "NEM sen  2015"]
[Site "Regen"]
[Date "2015.06.20"]
[Round "6"]
[White "Zorn, Günter"]
[Black "Kutschera, Gottlieb"]
[Result "0-1"]
[WhiteElo "1558"]
[BlackElo "1716"]
[PlyCount "94"]
[EventDate "2015.06.18"]
[EventType "tourn"]
[EventRounds "7"]
[SourceDate "2015.06.22"]

1. d4 c5 2. c3 cxd4 3. Qxd4 Nc6 4. Qd1 Nf6 5. Nf3 d5 6. g3 e6 7. Bg5 h6 8. Bxf6
Qxf6 9. Bg2 Bd7 10. O-O Bc5 11. Nbd2 O-O 12. Nb3 Bb6 13. e3 Rad8 14. Nbd4 e5
15. Nxc6 bxc6 16. Nd2 Bf5 17. Nf3 Bg4 18. h3 Bh5 19. g4 Bg6 20. Nh2 e4 21. Qe2
Qe5 22. f3 exf3 23. Nxf3 Qxe3+ 24. Qxe3 Bxe3+ 25. Kh1 Rfe8 26. Nd4 Bxd4 27.
cxd4 Re2 28. b4 Bd3 29. Rfe1 Rde8 30. Rxe2 Rxe2 31. Bf1 Be4+ 32. Kg1 Rd2 33. a3
Rxd4 34. Rc1 a5 35. Rxc6 axb4 36. axb4 Rxb4 37. Rc3 Rb2 38. Bd3 Rg2+ 39. Kf1
Rg3 40. Rc8+ Kh7 41. Bxe4+ dxe4 42. Re8 e3 43. Ke2 Rxh3 44. Rxe3 Rxe3+ 45. Kxe3
Kg6 46. Kf4 f6 47. Kg3 Kg5 0-1

[Event "NEM sen  2015"]
[Site "Regen"]
[Date "2015.06.20"]
[Round "6"]
[White "Hilmer, Karl"]
[Black "Sagner, Günter"]
[Result "0-1"]
[WhiteElo "1485"]
[BlackElo "1751"]
[PlyCount "60"]
[EventDate "2015.06.18"]
[EventType "tourn"]
[EventRounds "7"]
[SourceDate "2015.06.22"]

1. e4 e6 2. d4 d5 3. e5 c5 4. c3 Qb6 5. Nf3 Nc6 6. a3 Bd7 7. b4 cxd4 8. cxd4 f6
9. exf6 Nxf6 10. Bb2 Bd6 11. Bd3 O-O 12. O-O Rac8 13. Nc3 Kh8 14. Nb5 Bb8 15.
Qb1 a6 16. Nc3 Nxd4 17. Nxd4 Qxd4 18. Ne2 Qh4 19. g3 Qh3 20. Bxf6 Rxf6 21. Rc1
Rcf8 22. f4 Ba7+ 23. Rc5 Bxc5+ 24. bxc5 Bc6 25. Nd4 g5 26. Bf1 Qh6 27. f5 g4
28. Nxe6 Qe3+ 29. Kh1 Qf2 30. Ra2 d4+ 0-1

[Event "NEM sen  2015"]
[Site "Regen"]
[Date "2015.06.21"]
[Round "7"]
[White "Sagner, Günter"]
[Black "Schubert , Heinz"]
[Result "1/2-1/2"]
[WhiteElo "1751"]
[BlackElo "1442"]
[PlyCount "36"]
[EventDate "2015.06.18"]
[EventType "tourn"]
[EventRounds "7"]
[SourceDate "2015.06.22"]

1. d4 d5 2. c4 e6 3. Nc3 Nf6 4. Bg5 Nbd7 5. cxd5 exd5 6. Nf3 c6 7. e3 Qa5 8. a3
Ne4 9. Qc1 Ndf6 10. Bxf6 Nxf6 11. b4 Qd8 12. Bd3 h6 13. O-O Bd6 14. h3 O-O 15.
Re1 Re8 16. e4 dxe4 17. Nxe4 Nxe4 18. Rxe4 Rxe4 1/2-1/2

[Event "NEM sen  2015"]
[Site "Regen"]
[Date "2015.06.28"]
[Round "7"]
[White "Kutschera, Gottlieb"]
[Black "Hilmer, Karl"]
[Result "1/2-1/2"]
[WhiteElo "1716"]
[BlackElo "1485"]
[PlyCount "47"]
[EventDate "2015.06.18"]
[EventType "tourn"]
[EventRounds "7"]
[SourceDate "2015.06.22"]

1. e4 e5 2. Nf3 Nc6 3. Bc4 Nd4 4. c3 Nxf3+ 5. Qxf3 Qf6 6. d3 Be7 7. Be3 d6 8.
Bb3 Bd7 9. Qe2 Be6 10. Nd2 Qg6 11. f3 Bh4+ 12. g3 Bg5 13. O-O-O Bxb3 14. axb3
Bxe3 15. Qxe3 Qh6 16. Qxh6 Nxh6 17. g4 f6 18. Kc2 Nf7 19. h4 h6 20. Nc4 b6 21.
Ne3 O-O-O 22. Nf5 Rh7 23. Ra1 Kb7 24. b4 1/2-1/2

[Event "NEM sen  2015"]
[Site "Regen"]
[Date "2015.06.21"]
[Round "7"]
[White "Königl, Anton"]
[Black "Zorn, Günter"]
[Result "1/2-1/2"]
[WhiteElo "1767"]
[BlackElo "1558"]
[PlyCount "25"]
[EventDate "2015.06.18"]
[EventType "tourn"]
[EventRounds "7"]
[SourceDate "2015.06.22"]

1. e4 e6 2. d4 Nc6 3. Nf3 Be7 4. a3 Nf6 5. Bd3 d6 6. Be3 a6 7. Nc3 O-O 8. O-O
Ng4 9. Bd2 e5 10. Nd5 Nxd4 11. Nxd4 exd4 12. Nxe7+ Qxe7 13. h3 1/2-1/2